Hotel

Na minha lista:
Detalhes bibliográficos
Autor principal: Klostermannová, Zdenka, 1986- (Author)
Outros Autores: Miklósiová, Terézia, 1952- (Thesis advisor)
Formato: Manuscrito Livro
Idioma:eslovaco
Publicado em: Bratislava : STU v Bratislave SvF, 2014
Assuntos:
Acesso em linha:VAIS
Tags: Adicionar Tag
Sem tags, seja o primeiro a adicionar uma tag!

MARC

LEADER 00000ntm a22000003a 4500
001 stu297278
005 20150617230308.1
008 140919s2014----xo------------------slo-d
040 |a STU  |b slo 
041 0 |a slo 
044 |a xo 
100 1 |a Klostermannová, Zdenka,  |d 1986-  |4 aut  |u V180  |U SvF Stavebná fakulta  |T SvF Katedra konštrukcií pozemných stavieb  |X 23459  |U V180  |Y 18  |7 A000023459 
245 1 |a Hotel 
260 |a Bratislava :  |b STU v Bratislave SvF,  |c 2014 
650 7 |a architektonické konštrukcie a projektovanie  |2 stusub 
650 7 |a Architectural Constructions and Design  |2 estusub 
650 7 |a hotel  |2 stusub 
650 7 |a dispozícia  |2 stusub 
700 1 |a Miklósiová, Terézia,  |d 1952-  |4 ths  |u V180  |U SvF Stavebná fakulta  |T SvF Katedra konštrukcií pozemných stavieb  |X 771  |U V180  |Y 18  |7 A000000771 
856 4 |a info a plný text  |u http://is.stuba.sk/zp/portal_zp.pl?podrobnosti=110200  |3 VAIS